LEADER 01238cam a22002894a 4500 001 000000118698 003 CaOOAMICUS 005 20091211094721.0 008 091211t2008 it b 000 0 ita r 020 $a978-88-420-8572-0 040 $aPUL$bita$dReb 100 1 $aDestro, Adriana.$0(OLS)http://pul/name/50569 245 10$aAntropologia delle origini cristiane /$cAdriana Destro, Mauro Pesce. 260 $aRoma ;$aBari :$bLaterza,$cİ2008. 300 $axv, 243 p. ;$c21 cm. 490 1 $aEconomica Laterza ;$v457 504 $aBibliografia p. [183]-217. 650 4$aAntropologia culturale e religione.$0(OLS)http://pul/subject/14294 650 4$aCristianesimo$xOrigini.$0(OLS)http://pul/subject/11957 700 1 $aPesce, Mauro.$0(OLS)http://pul/name/2149 830 0$aEconomica Laterza ;$v457.$0(OLS)http://pul/title/39309 850 $aPUL 852 $aPUL$W1$xSL Religione 3$y85$m270. 1 DESAD 2$j136190$qDDC 21$B135175$CPULBib$Z2$F135175 $H111880 $82 941 1 $a9 996 $6020$a978-88-420-8572-0$9(OLS)http://pul/number/142757 996 $6245$aAntropologia delle origini cristiane$9(OLS)http://pul/title/149380 996 $6260$aRoma ;$aBari :$bLaterza$9(OLS)http://pul/publisher/57682 LEADER 01927nam a2200373 u 4500 001 000000114570 003 CaOOAMICUS 005 20101006114530.0 008 090213m20092010it u000 u ita r 040 $aPUL$bita$dLDB 041 1 $aita$heng 082 04$a180 100 1 $aBacon, Francis,$d1561-1626.$0(OLS)http://pul/name/5096 245 10$aBacone. 260 $aMilano :$bMondadori,$cc2009-2010. 300 $a2 v. ;$c18 cm. 490 1 $aI classici collezione del pensiero ;$v44, 123 504 $aInclude riferimenti bibliografici e indici. 505 0 $av. 1:Cronologia di Bacone ; Scritti filosofici / a cura di Paolo Rossi, introduzione di Paolo Rossi. -- v. 2: Novum Organum / a cura di Enrico De Mas ; Uomo e natura : scritti filosofici / a cura di Enrico De Mas ; con una introduzione e una nota di Paolo Rossi. 700 1 $aRossi, Paolo,$d1923-2012.$0(OLS)http://pul/name/8520 700 1 $aDe Mas, Enrico.$0(OLS)http://pul/name/9889 700 1 $aBacon, Francis,$d1561-1626.$tOpere.$0(OLS)http://pul/nameTitle/867$0(OLS)http://pul/name/5096$0(OLS)http://pul/title/5258 740 02$aNovum organum. 740 02$aUomo e natura : scritti filosofici. 830 2$aI classici del pensiero (Mondadori) ;$v44, 123.$0(OLS)http://pul/title/140256 850 $aPUL 852 $aPUL$W1$xSL Filosofia 3$y81$m180 COLL 1.44$j130985$qDDC 21$B129991$CPULBib$Z2$F129991 $H109546 $82 852 $aPUL$W1$xSL Filosofia 3$y81$m180 COLL 1.123$j141756$av. 2$qDDC 21$B140769$CPULBib$Z2$F140769 $H114918 $82 941 1 $a9 996 $6082$a180$9(OLS)http://pul/classification/366 996 $6245$aBacone$9(OLS)http://pul/title/5905 996 $6740$aNovum organum$9(OLS)http://pul/title/155333 996 $6740$aUomo e natura : scritti filosofici$9(OLS)http://pul/title/155332 996 $6260$aMilano :$bMondadori$9(OLS)http://pul/publisher/50297